[Event "WMSG Rapid Team 1st (Women)"]
[Site "Beijing"]
[Date "2008.10.15"]
[Round "3"]
[White "Malikgulyewa, Aykamar"]
[Black "Mushin, Dhuha M"]
[Result "1/2-1/2"]
[WhiteElo "2051"]
[BlackElo "1830"]
[PlyCount "160"]
[EventDate "2008.10.14"]
[EventType "team (rapid)"]
[EventRounds "9"]
[EventCountry "CHN"]
[SourceTitle "CBM 126 Extra"]
[Source "ChessBase"]
[SourceDate "2008.11.05"]
[SourceVersion "1"]
[SourceVersionDate "2008.11.05"]
[SourceQuality "1"]

1. d4 Nf6 2. e3 e6 3. Bd3 Be7 4. f4 d5 5. Nd2 Nbd7 6. Ngf3 c5 7. c3 b6 8. 0-0 Bb7 9. Ne5 0-0 10. Qf3 g6 11. g4 Ne8 12. Qh3 Kg7 13. g5 Rh8 14. Ng4 Nd6 15. Nf3 f5 16. gxf6+ Nxf6 17. Nxf6 Kxf6 18. Bd2 Nf5 19. Ne5 Bd6 20. Be1 Kg7 21. Kh1 Bxe5 22. fxe5 Qg5 23. Bxf5 exf5 24. Rg1 Qh6 25. Qxf5 Rhf8 26. Qg5 Qxg5 27. Rxg5 Rf1+ 28. Rg1 Rf3 29. Rg3 Rf1+ 30. Rg1 Rf3 31. Kg2 Raf8 32. Bh4 Rxe3 33. Bf6+ Kg8 34. Rae1 Rd3 35. Re2 cxd4 36. cxd4 Rxd4 37. Rf1 Ba6 38. Rc2 Bxf1+ 39. Kxf1 Rc4 40. Rf2 d4 41. e6 d3 42. e7 Re8 43. Bg5 Rc5 44. Bh6 Rf5 45. Bf8 Rxf2+ 46. Kxf2 Kf7 47. Ke3 Ke6 48. Kxd3 h5 49. Ke4 g5 50. h3 Kf6 51. b4 a6 52. a4 Kg6 53. Ke5 g4 54. hxg4 hxg4 55. Kf4 g3 56. Kxg3 Kf5 57. Kf3 Ke5 58. Ke3 Kd5 59. Kd3 b5 60. a5 Rc8 61. Kd2 Kc4 62. Ke3 Re8 63. Ke4 Kxb4 64. Kd5 Kxa5 65. Kc6 b4 66. Kd7 Rxe7+ 67. Bxe7 Ka4 68. Kc6 a5 69. Kc5 Ka3 70. Kc4 Ka4 71. Bd6 b3 72. Kc3 Kb5 73. Ba3 a4 74. Bf8 Ka5 75. Bb4+ Kb5 76. Ba3 Ka5 77. Bf8 Kb5 78. Be7 Ka5 79. Bd6 Kb5 80. Bf8 a3 1/2-1/2

[Event "WMSG Rapid Team 1st (Women)"]
[Site "Beijing"]
[Date "2008.10.14"]
[Round "2"]
[White "Mushin, Dhuha M"]
[Black "Jiretorn, Eva"]
[Result "1-0"]
[WhiteElo "1830"]
[BlackElo "2150"]
[PlyCount "119"]
[EventDate "2008.10.14"]
[EventType "team (rapid)"]
[EventRounds "9"]
[EventCountry "CHN"]
[SourceTitle "CBM 126 Extra"]
[Source "ChessBase"]
[SourceDate "2008.11.05"]
[SourceVersion "1"]
[SourceVersionDate "2008.11.05"]
[SourceQuality "1"]

1. Nf3 c5 2. d4 cxd4 3. Nxd4 g6 4. b3 Bg7 5. Bb2 Nf6 6. e3 0-0 7. Nd2 d6 8. Be2 Nc6 9. Bf3 Bd7 10. 0-0 Rc8 11. c4 e5 12. Nb5 Qe7 13. Ne4 Nxe4 14. Bxe4 f5 15. Bxc6 Rxc6 16. Nxa7 Rb6 17. Rc1 Ra8 18. Nb5 Bxb5 19. cxb5 Rxb5 20. a4 Rb6 21. Ba3 Qe6 22. Rc4 e4 23. Rb4 Rxb4 24. Bxb4 Be5 25. Qb1 Ra6 26. Ba3 Rc6 27. Rc1 Qd5 28. Rxc6 Qxc6 29. Qc1 Qxc1+ 30. Bxc1 Kf7 31. h3 Ke6 32. Kf1 g5 33. Ke2 Kd5 34. Ba3 h5 35. Bc1 Kc5 36. Ba3+ Kc6 37. Bb4 Kd5 38. Kd2 f4 39. Bc3 fxe3+ 40. fxe3 Bg3 41. Bd4 g4 42. hxg4 hxg4 43. Kc2 Be1 44. Bc3 Bf2 45. Bd2 Bh4 46. Kc3 Kc6 47. Kd4 d5 48. Ke5 Bf2 49. Kf4 g3 50. b4 Kb6 51. Ke5 Kc6 52. Ke6 d4 53. exd4 e3 54. d5+ Kc7 55. d6+ Kd8 56. Bc3 e2 57. Bf6+ Kc8 58. d7+ Kc7 59. d8Q+ Kc6 60. Qd6# 1-0

[Event "Asian Indoor Games 2nd"]
[Site "Macau"]
[Date "2007.10.30"]
[Round "6"]
[White "Nur Shazwani, Zulkafli"]
[Black "Mushin, Dhuha M"]
[Result "1-0"]
[WhiteElo "2045"]
[BlackElo "1835"]
[PlyCount "103"]
[EventDate "2007.10.28"]
[EventType "team"]
[EventRounds "6"]
[EventCountry "CHN"]
[SourceTitle "EXT 2008"]
[Source "ChessBase"]
[SourceDate "2007.11.25"]
[SourceVersion "1"]
[SourceVersionDate "2007.11.25"]
[SourceQuality "1"]

1. e4 c6 2. d4 d5 3. exd5 cxd5 4. c3 Nf6 5. Nf3 Bf5 6. Bd3 Bxd3 7. Qxd3 Nc6 8. 0-0 e6 9. Re1 Bd6 10. Bg5 h6 11. Bh4 0-0 12. Nbd2 Rc8 13. Ne5 Be7 14. Rac1 Nxe5 15. dxe5 Nh5 16. Bg3 Bg5 17. Rcd1 Bxd2 18. Rxd2 Qg5 19. Rc2 Nxg3 20. hxg3 Rc6 21. Qb5 Qe7 22. Qd3 Rd8 23. Rd2 Qc5 24. Red1 Qc4 25. Qb1 Ra6 26. a3 Qg4 27. Rd4 Qg6 28. Qc1 Rb6 29. Qd2 Rc8 30. Qe2 Rc4 31. Rxc4 dxc4 32. Kh2 Kh7 33. Rd2 a6 34. f4 Qb1 35. Rc2 g6 36. Qf2 Rb5 37. Rd2 Kg7 38. Qe2 Rd5 39. Rxd5 exd5 40. Qf2 b5 41. Qb6 Qf5 42. Qd4 Qd3 43. Qb6 Qf5 44. Qd4 Qd3 45. Qf2 Qf5 46. Qf3 Qd3 47. Qg4 Qc2 48. Qd7 Qxb2 49. e6 Qxc3 50. Qxf7+ Kh8 51. e7 Qe3 52. e8Q+ 1-0